[Event "19. Int. Boeblinger Open 2002"]
[Site "Boeblingen"]
[Date "2002.12.28"]
[Round "6"]
[White "Schoenberger, Peter"]
[Black "Rau, Juergen"]
[Result "1-0"]
[WhiteElo "2146"]
[BlackElo "2205"]
[PlyCount "39"]
[EventDate "2002.??.??"]

1. e4 c5 2. c3 d5 3. exd5 Qxd5 4. d4 Nf6 5. Nf3 Bg4 6. dxc5 Qxc5 7. h3 Bh5 8.
Be3 Qc7 9. Na3 Nc6 10. Nb5 Qb8 11. Qa4 Bxf3 12. gxf3 e5 13. O-O-O Be7 14. Rg1
O-O 15. Bg5 a6 16. Nd6 Bxd6 17. Bxf6 g6 18. Qh4 e4 19. Bc4 Ne5 20. Qh6 1-0

[Event "19. Int. Boeblinger Open 2002"]
[Site "Boeblingen"]
[Date "2002.12.29"]
[Round "7"]
[White "Gustafsson, Jan"]
[Black "Duppel, Matthias"]
[Result "1/2-1/2"]
[WhiteElo "2554"]
[BlackElo "2440"]
[PlyCount "39"]
[EventDate "2002.??.??"]

1. d4 d5 2. c4 c6 3. Nf3 Nf6 4. e3 a6 5. Bd3 Bg4 6. Qb3 Bxf3 7. gxf3 Ra7 8. Nc3
e6 9. c5 Nbd7 10. Bd2 e5 11. O-O-O g6 12. Na4 Bg7 13. dxe5 Nxe5 14. Be2 O-O 15.
Bc3 Qe7 16. Kb1 Ned7 17. Ba5 Re8 18. h4 Nf8 19. Qc2 Ne6 20. f4 1/2-1/2

[Event "19. Int. Boeblinger Open 2002"]
[Site "Boeblingen"]
[Date "2002.12.29"]
[Round "7"]
[White "Jaracz, Pawel"]
[Black "Buhmann, Rainer"]
[Result "1/2-1/2"]
[WhiteElo "2545"]
[BlackElo "2527"]
[PlyCount "34"]
[EventDate "2002.??.??"]

1. e4 e6 2. d4 d5 3. Nd2 c5 4. exd5 Qxd5 5. Ngf3 cxd4 6. Bc4 Qd6 7. Qe2 Nf6 8.
Nb3 Nc6 9. Bg5 Be7 10. O-O-O O-O 11. Nbxd4 Nxd4 12. Rxd4 Qc5 13. Rhd1 a6 14.
Ne5 b5 15. Bb3 a5 16. a3 Ra7 17. f4 Qb6 1/2-1/2

[Event "19. Int. Boeblinger Open 2002"]
[Site "Boeblingen"]
[Date "2002.12.29"]
[Round "7"]
[White "Farago, Ivan"]
[Black "Deglmann, Ludwig"]
[Result "1/2-1/2"]
[WhiteElo "2474"]
[BlackElo "2269"]
[PlyCount "75"]
[EventDate "2002.??.??"]

1. d4 f5 2. g3 Nf6 3. Bg2 g6 4. Nf3 Bg7 5. O-O O-O 6. c4 d6 7. Nc3 Qe8 8. Nd5
Nxd5 9. cxd5 Nd7 10. Qc2 Nb6 11. Qxc7 Nxd5 12. Qc4 e6 13. Qb3 b5 14. Bd2 Qd7
15. a4 bxa4 16. Qxa4 Qxa4 17. Rxa4 Rb8 18. b4 a6 19. Rc1 Rb6 20. Rca1 Nc7 21.
e3 Nb5 22. Rc1 e5 23. Ng5 Bf6 24. Bd5+ Kg7 25. Ne6+ Bxe6 26. Bxe6 exd4 27. exd4
Bxd4 28. Bc8 f4 29. gxf4 g5 30. Bxa6 gxf4 31. Ra5 Rfb8 32. Rc4 d5 33. Rxd4 Nxd4
34. Bc3 Kf7 35. Bxd4 Rxb4 36. Rxd5 Ke6 37. Re5+ Kd6 38. Bc3 1/2-1/2

[Event "19. Int. Boeblinger Open 2002"]
[Site "Boeblingen"]
[Date "2002.12.29"]
[Round "7"]
[White "Galdunts, Sergey"]
[Black "Streck, Alexander"]
[Result "1-0"]
[WhiteElo "2486"]
[BlackElo "2233"]
[PlyCount "55"]
[EventDate "2002.??.??"]

1. e4 c5 2. Nf3 g6 3. d4 cxd4 4. Nxd4 Bg7 5. Nc3 Nc6 6. Be3 Nf6 7. Be2 O-O 8.
Nb3 a5 9. a4 d5 10. exd5 Nb4 11. Bf3 Bf5 12. Rc1 Rc8 13. O-O Bxc2 14. Rxc2 Nxc2
15. Qxc2 Nxd5 16. Qe4 Nxc3 17. bxc3 Bxc3 18. Nc5 b6 19. Rd1 Qxd1+ 20. Bxd1 bxc5
21. Qxe7 Rfe8 22. Qa7 c4 23. Bg4 Rb8 24. g3 Bb4 25. Qc7 c3 26. Bd4 Re1+ 27. Kg2
Rbe8 28. Bd7 1-0

[Event "19. Int. Boeblinger Open 2002"]
[Site "Boeblingen"]
[Date "2002.12.29"]
[Round "7"]
[White "Kunz, Konstantin"]
[Black "Joachim, Sven"]
[Result "1/2-1/2"]
[WhiteElo "2236"]
[BlackElo "2471"]
[PlyCount "60"]
[EventDate "2002.??.??"]

1. d4 Nf6 2. c4 g6 3. Nc3 d5 4. cxd5 Nxd5 5. e4 Nxc3 6. bxc3 Bg7 7. Bc4 O-O 8.
Ne2 c5 9. Be3 Nc6 10. Rc1 cxd4 11. cxd4 Qa5+ 12. Kf1 Qa3 13. Qb3 Qxb3 14. Bxb3
Rd8 15. d5 Na5 16. f3 Nxb3 17. axb3 e6 18. Nf4 exd5 19. Nxd5 Be6 20. Rd1 Bxd5
21. exd5 b5 22. Kf2 a5 23. d6 Rd7 24. Bc5 Rc8 25. b4 Bc3 26. Rc1 Bd2 27. Rcd1
Bxb4 28. Bxb4 axb4 29. Rd5 Rc6 30. Rxb5 Rdxd6 1/2-1/2

[Event "19. Int. Boeblinger Open 2002"]
[Site "Boeblingen"]
[Date "2002.12.29"]
[Round "7"]
[White "Gasthofer, Alexander"]
[Black "Gritsch, Christoph"]
[Result "1-0"]
[WhiteElo "2302"]
[BlackElo "2201"]
[PlyCount "51"]
[EventDate "2002.??.??"]

1. Nf3 c5 2. g3 Nc6 3. d4 cxd4 4. Nxd4 g6 5. Bg2 Bg7 6. Nxc6 dxc6 7. Qxd8+ Kxd8
8. Nd2 Bd7 9. O-O Kc7 10. Nc4 f6 11. Bd2 Be6 12. Bf4+ Kc8 13. Na5 Bd7 14. Rad1
e5 15. Be3 Bf5 16. f4 Ne7 17. fxe5 fxe5 18. Bg5 Nd5 19. e4 h6 20. exf5 hxg5 21.
Bxd5 cxd5 22. f6 Bh6 23. Rxd5 Kc7 24. Rxe5 Rae8 25. Nc4 b5 26. f7 1-0

[Event "19. Int. Boeblinger Open 2002"]
[Site "Boeblingen"]
[Date "2002.12.29"]
[Round "7"]
[White "Koch, Moritz"]
[Black "Stoll, Ferdinand"]
[Result "1-0"]
[WhiteElo "2207"]
[BlackElo "2277"]
[PlyCount "80"]
[EventDate "2002.??.??"]

1. e4 c5 2. Nf3 d6 3. Bc4 Nf6 4. d3 Nc6 5. c3 g6 6. O-O Bg7 7. Re1 O-O 8. Bb3
b5 9. h3 a5 10. d4 cxd4 11. Nxd4 Nxd4 12. cxd4 Bb7 13. Bc2 e6 14. Nd2 Qc7 15.
Nf3 Rfc8 16. Bd3 b4 17. Bf4 Qb6 18. Qe2 Ba6 19. Rac1 Bxd3 20. Qxd3 h6 21. Nd2
d5 22. e5 Nd7 23. h4 Qd8 24. g3 Rxc1 25. Rxc1 Rc8 26. Rxc8 Qxc8 27. Qb5 Qc1+
28. Kg2 Nf8 29. Qxa5 Qxb2 30. Nb3 Qe2 31. Be3 g5 32. hxg5 hxg5 33. Nc1 Qb2 34.
Nd3 Qc3 35. Nxb4 f6 36. exf6 Bxf6 37. Qb6 g4 38. Nxd5 exd5 39. Qxf6 Qc8 40.
Qg5+ Kh8 1-0

[Event "19. Int. Boeblinger Open 2002"]
[Site "Boeblingen"]
[Date "2002.12.29"]
[Round "7"]
[White "Jurasin, Marin"]
[Black "Michalczak, Thomas"]
[Result "1-0"]
[WhiteElo "2197"]
[BlackElo "2274"]
[PlyCount "87"]
[EventDate "2002.??.??"]

1. c4 Nf6 2. Nc3 g6 3. g3 Bg7 4. Bg2 O-O 5. d4 d6 6. Nf3 c6 7. O-O Qa5 8. e4
Bg4 9. h3 Bxf3 10. Bxf3 e5 11. d5 cxd5 12. cxd5 Nbd7 13. Be3 Rfc8 14. Qa4 Qd8
15. Rac1 a6 16. Qa3 Nc5 17. b4 Ncd7 18. Qb3 h5 19. a4 Kh7 20. g4 hxg4 21. hxg4
Ne8 22. Kg2 Bf6 23. a5 Bg5 24. Na4 Kg7 25. Nb2 Qf6 26. Bxg5 Qxg5 27. Qe3 Kf6
28. Qxg5+ Kxg5 29. Kg3 f5 30. gxf5 gxf5 31. exf5 Ng7 32. Be4 Nf6 33. Kf3 Nxe4
34. Kxe4 Nxf5 35. Nc4 Rc7 36. Ne3 Rxc1 37. Rxc1 Nxe3 38. Kxe3 Rb8 39. Rc7 b6
40. b5 axb5 41. a6 Ra8 42. a7 b4 43. Kd3 b5 44. Kc2 1-0

[Event "19. Int. Boeblinger Open 2002"]
[Site "Boeblingen"]
[Date "2002.12.29"]
[Round "7"]
[White "Jaracz, Barbara"]
[Black "Schoenberger, Peter"]
[Result "1-0"]
[WhiteElo "2270"]
[BlackElo "2146"]
[PlyCount "71"]
[EventDate "2002.??.??"]

1. e4 e5 2. Nf3 Nc6 3. Bb5 a6 4. Ba4 Nf6 5. O-O Be7 6. Re1 b5 7. Bb3 O-O 8. a4
Bb7 9. d3 d6 10. Nbd2 Na5 11. Ba2 c5 12. Nf1 b4 13. Ng3 Bc8 14. c3 Nc6 15. h3
Rb8 16. d4 cxd4 17. cxd4 Nxd4 18. Nxd4 exd4 19. Qxd4 b3 20. Bb1 Qb6 21. Be3
Qxd4 22. Bxd4 Bd7 23. Bc3 Rfc8 24. Bd3 Rc6 25. Ne2 d5 26. Nd4 Rxc3 27. bxc3
dxe4 28. Bxe4 Nxe4 29. Rxe4 b2 30. Rb1 Bg5 31. f4 f5 32. Re2 Bxf4 33. Rbxb2 Rc8
34. Re7 Bxa4 35. Rbb7 Rxc3 36. Rxg7+ 1-0

[Event "19. Int. Boeblinger Open 2002"]
[Site "Boeblingen"]
[Date "2002.12.29"]
[Round "7"]
[White "Hellmayr, Alois"]
[Black "Vielwock, Vadim"]
[Result "1-0"]
[WhiteElo "2248"]
[BlackElo "2078"]
[PlyCount "80"]
[EventDate "2002.??.??"]

1. Nf3 d5 2. d4 Nf6 3. Bg5 h6 4. Bxf6 gxf6 5. c4 c6 6. cxd5 cxd5 7. Nc3 Bf5 8.
Qb3 e6 9. g3 Qd7 10. Bg2 Nc6 11. O-O Be7 12. Rac1 O-O 13. Qd1 Kg7 14. Nh4 Bh7
15. e3 Rg8 16. Bh3 Kh8 17. Qh5 Bf8 18. Ng2 Ne7 19. Qxf7 f5 20. Nf4 Rg6 21.
Nxg6+ Bxg6 22. Qf6+ Bg7 23. Qh4 Rf8 24. Bg2 Kh7 25. f4 b5 26. a3 a5 27. Bf3 b4
28. axb4 axb4 29. Nb1 Nc6 30. Qh3 Rc8 31. Qg2 Qa7 32. b3 Be8 33. Kh1 Rc7 34. g4
Bg6 35. g5 Qa6 36. Be2 Qc8 37. Rg1 Qg8 38. Bb5 Na7 39. Rxc7 Nxb5 40. gxh6 Nxc7
1-0

[Event "19. Int. Boeblinger Open 2002"]
[Site "Boeblingen"]
[Date "2002.12.29"]
[Round "7"]
[White "Filipovic, Branko"]
[Black "Pfeifer, Wilfried"]
[Result "1-0"]
[WhiteElo "2446"]
[BlackElo "2157"]
[PlyCount "49"]
[EventDate "2002.??.??"]

1. e4 c6 2. d4 d5 3. e5 Bf5 4. Nf3 e6 5. a3 c5 6. c4 Nc6 7. cxd5 exd5 8. Nc3
Be6 9. Bb5 a6 10. Bxc6+ bxc6 11. O-O Bg4 12. Qa4 Qd7 13. e6 Bxe6 14. Ne5 Qc7
15. Re1 cxd4 16. Nxd5 Bxd5 17. Nxc6+ Be6 18. Ne5+ Kd8 19. Bd2 Bc5 20. Ba5 Bb6
21. Qb4 Ke8 22. Bxb6 Qb7 23. Qa4+ Kf8 24. Bc5+ Ne7 25. Nc6 1-0

[Event "19. Int. Boeblinger Open 2002"]
[Site "Boeblingen"]
[Date "2002.12.29"]
[Round "7"]
[White "Hesse, Peter"]
[Black "Wohlfahrt, Rainer"]
[Result "1-0"]
[WhiteElo "2304"]
[BlackElo "2126"]
[PlyCount "77"]
[EventDate "2002.??.??"]

1. d4 Nf6 2. Nf3 d5 3. c4 e6 4. Nc3 Be7 5. Bg5 O-O 6. e3 Nbd7 7. Bd3 a6 8. O-O
dxc4 9. Bxc4 b5 10. Bb3 c5 11. Qe2 Bb7 12. Rad1 cxd4 13. Nxd4 b4 14. Na4 Nd5
15. Bxe7 Qxe7 16. e4 N5f6 17. f3 Rfd8 18. Rc1 Rac8 19. Qe3 g6 20. Rfd1 e5 21.
Ne2 Bc6 22. Nc5 Bb5 23. Nb7 Rxc1 24. Nxc1 Rf8 25. Nd6 Qd8 26. Nxb5 axb5 27. Nd3
Qe7 28. Qd2 Qd6 29. Qxb4 Qb6+ 30. Kh1 Rc8 31. Qe7 Qd4 32. Qxf7+ Kh8 33. h3 g5
34. Qe7 g4 35. hxg4 Qe3 36. Nxe5 Rc1 37. Nf7+ Kg7 38. Nd6+ Kh8 39. Qd8+ 1-0

[Event "19. Int. Boeblinger Open 2002"]
[Site "Boeblingen"]
[Date "2002.12.29"]
[Round "7"]
[White "Kapic, Ibrahim"]
[Black "Seidel, Michael"]
[Result "1-0"]
[WhiteElo "2215"]
[BlackElo "2097"]
[PlyCount "53"]
[EventDate "2002.??.??"]

1. e4 d6 2. d4 Nf6 3. Nc3 g6 4. Nf3 Bg7 5. Be2 O-O 6. O-O Bg4 7. Be3 Nc6 8. d5
Nb8 9. h3 Bxf3 10. Bxf3 Nbd7 11. Qd2 c6 12. Rad1 Qc7 13. Be2 a6 14. a4 Rac8 15.
Bd4 cxd5 16. exd5 Rfe8 17. Qe3 e5 18. dxe6 fxe6 19. Qd2 d5 20. Bf3 Qc6 21. Rfe1
b5 22. axb5 axb5 23. Re2 Nb6 24. b3 Nbd7 25. Rde1 Nc5 26. Bxf6 Bxf6 27. Nxd5
1-0

[Event "19. Int. Boeblinger Open 2002"]
[Site "Boeblingen"]
[Date "2002.12.29"]
[Round "7"]
[White "Frey, Bernd-Juergen"]
[Black "Lauer, Moritz"]
[Result "0-1"]
[WhiteElo "2010"]
[BlackElo "2162"]
[PlyCount "59"]
[EventDate "2002.??.??"]

1. e4 d6 2. d4 Nf6 3. Nc3 e5 4. dxe5 dxe5 5. Qxd8+ Kxd8 6. Bg5 Be6 7. Nf3 h6 8.
Bh4 Bd6 9. O-O-O Ke7 10. Nd5+ Bxd5 11. exd5 Nbd7 12. Bb5 g5 13. Bg3 a6 14. Bxd7
Nxd7 15. Rde1 Kf6 16. h4 Rae8 17. hxg5+ hxg5 18. Rxh8 Rxh8 19. Nh2 Kg6 20. Ng4
Re8 21. f3 f5 22. Nf2 Nb6 23. Rd1 Kf6 24. b3 Nd7 25. c4 b5 26. Kc2 bxc4 27.
bxc4 Rb8 28. Rb1 Rxb1 29. Kxb1 Nb6 30. Nd1 0-1

[Event "19. Int. Boeblinger Open 2002"]
[Site "Boeblingen"]
[Date "2002.12.30"]
[Round "8"]
[White "Gustafsson, Jan"]
[Black "Jaracz, Pawel"]
[Result "1/2-1/2"]
[WhiteElo "2554"]
[BlackElo "2545"]
[PlyCount "61"]
[EventDate "2002.??.??"]

1. d4 e6 2. c4 Nf6 3. Nc3 Bb4 4. Qc2 O-O 5. a3 Bxc3+ 6. Qxc3 d6 7. Bg5 Nbd7 8.
f3 h6 9. Bh4 Re8 10. e3 b6 11. Bd3 c5 12. Ne2 Ba6 13. Qc2 Rc8 14. Qa4 Bb7 15.
O-O Bc6 16. Qd1 Bb7 17. Nc3 Qe7 18. Rc1 Qf8 19. Qd2 cxd4 20. exd4 Ba6 21. Nb5
Bxb5 22. cxb5 Nd5 23. Bc4 Ne7 24. Bd3 Nd5 25. Rxc8 Rxc8 26. Rc1 f5 27. Bg3
Rxc1+ 28. Qxc1 Qf6 29. Bf2 Nf8 30. Bc4 Ng6 31. Bf1 1/2-1/2

[Event "19. Int. Boeblinger Open 2002"]
[Site "Boeblingen"]
[Date "2002.12.30"]
[Round "8"]
[White "Horvath, Joszef"]
[Black "Gasthofer, Alexander"]
[Result "1-0"]
[WhiteElo "2514"]
[BlackElo "2302"]
[PlyCount "67"]
[EventDate "2002.??.??"]

1. d4 d5 2. c4 e6 3. g3 Nf6 4. Bg2 Be7 5. Nf3 O-O 6. O-O dxc4 7. Ne5 Nc6 8.
Bxc6 bxc6 9. Nxc6 Qe8 10. Nxe7+ Qxe7 11. Qa4 e5 12. dxe5 Qxe5 13. Qxc4 Be6 14.
Qd3 Rfd8 15. Qe3 Qh5 16. f3 Nd5 17. Qc5 Bh3 18. Re1 Re8 19. Nc3 c6 20. Bd2 Qg6
21. e4 Nxc3 22. Bxc3 h5 23. Rad1 h4 24. g4 Bxg4 25. Kf2 Bxf3 26. Kxf3 h3 27.
Qf5 Qg2+ 28. Ke3 g6 29. Qf6 Qxe4+ 30. Kd2 Rad8+ 31. Kc1 Rxd1+ 32. Rxd1 Qe3+ 33.
Kb1 Qh6 34. Qxc6 1-0

[Event "19. Int. Boeblinger Open 2002"]
[Site "Boeblingen"]
[Date "2002.12.30"]
[Round "8"]
[White "Heinl, Thomas"]
[Black "Galdunts, Sergey"]
[Result "1-0"]
[WhiteElo "2276"]
[BlackElo "2486"]
[PlyCount "45"]
[EventDate "2002.??.??"]

1. e4 g6 2. d4 Bg7 3. Nf3 c6 4. Bd3 d6 5. O-O Nf6 6. Qe2 O-O 7. Bg5 Qc7 8. Nbd2
e5 9. dxe5 dxe5 10. Rfd1 Nbd7 11. a4 h6 12. Bh4 Re8 13. Bc4 Nh5 14. Qe3 Nf4 15.
Ba2 Bf8 16. Nc4 Bc5 17. Rxd7 Qxd7 18. Qxc5 Qg4 19. Bg3 Ne2+ 20. Kf1 Nxg3+ 21.
hxg3 Be6 22. Nd6 Red8 23. Nxf7 1-0

[Event "19. Int. Boeblinger Open 2002"]
[Site "Boeblingen"]
[Date "2002.12.30"]
[Round "8"]
[White "Schenk, Andreas"]
[Black "Jaracz, Barbara"]
[Result "1/2-1/2"]
[WhiteElo "2479"]
[BlackElo "2270"]
[PlyCount "27"]
[EventDate "2002.??.??"]

1. d4 Nf6 2. Bg5 Ne4 3. Bf4 d5 4. f3 Nf6 5. Nc3 e6 6. e4 Be7 7. Qd2 O-O 8. Nge2
c5 9. exd5 Nxd5 10. Nxd5 Qxd5 11. dxc5 Qxc5 12. O-O-O e5 13. Be3 Qc7 14. Nc3
1/2-1/2

[Event "19. Int. Boeblinger Open 2002"]
[Site "Boeblingen"]
[Date "2002.12.30"]
[Round "8"]
[White "Hellmayr, Alois"]
[Black "Farago, Ivan"]
[Result "0-1"]
[WhiteElo "2248"]
[BlackElo "2474"]
[PlyCount "84"]
[EventDate "2002.??.??"]

1. Nf3 Nf6 2. b3 c5 3. Bb2 Nc6 4. c4 d5 5. cxd5 Nxd5 6. g3 f6 7. Bg2 e5 8. d3
Be7 9. O-O Be6 10. Nbd2 O-O 11. Rc1 Qd7 12. Re1 Rac8 13. a3 Rfd8 14. Qc2 Bf8
15. Qb1 Kh8 16. e3 Nc7 17. Bf1 Bh3 18. Be2 Ne6 19. Rc4 Bf5 20. Ne4 b5 21. Rcc1
Na5 22. Bc3 b4 23. axb4 cxb4 24. Qa2 Qd5 25. Bd2 Rxc1 26. Bxc1 Nxb3 27. Qxa7
Bxe4 28. dxe4 Qxe4 29. Qf7 Nbc5 30. Nh4 Ng5 31. f3 Nxf7 32. fxe4 Nxe4 33. Bc4
Nfd6 34. Bd5 Nc3 35. Bb3 Nde4 36. Nf3 Nc5 37. Bc4 Nd3 38. Bxd3 Rxd3 39. Kf2 Kg8
40. Nd2 Bc5 41. Nc4 Kf7 42. Nb2 Rd7 0-1

[Event "19. Int. Boeblinger Open 2002"]
[Site "Boeblingen"]
[Date "2002.12.30"]
[Round "8"]
[White "Deglmann, Ludwig"]
[Black "Milosevic, Goran"]
[Result "1-0"]
[WhiteElo "2269"]
[BlackElo "2400"]
[PlyCount "83"]
[EventDate "2002.??.??"]

1. d4 Nf6 2. Nf3 e6 3. e3 b6 4. Bd3 Bb7 5. O-O Be7 6. b3 d6 7. Bb2 O-O 8. Qe2
c5 9. e4 cxd4 10. Nxd4 Nbd7 11. Nd2 Nc5 12. f4 Nxd3 13. cxd3 Rc8 14. Kh1 g6 15.
e5 dxe5 16. fxe5 Nh5 17. Ne4 Bxe4 18. Qxe4 Qd7 19. Rf3 Qd5 20. Qxd5 exd5 21.
Nb5 Rc2 22. Bd4 a6 23. Nc3 Rd8 24. Raf1 Bc5 25. Bxc5 bxc5 26. Na4 c4 27. Rxf7
Ng7 28. bxc4 dxc4 29. dxc4 Nf5 30. e6 Rdd2 31. Rg1 Rxc4 32. Rb1 Rd8 33. g4 Rxg4
34. Nc5 Re8 35. Rbb7 Rc4 36. Nd7 Rc1+ 37. Kg2 Rc2+ 38. Kf3 Rc3+ 39. Kf4 Rc4+
40. Kg5 Rxe6 41. Nf6+ Rxf6 42. Rxf6 1-0

[Event "19. Int. Boeblinger Open 2002"]
[Site "Boeblingen"]
[Date "2002.12.30"]
[Round "8"]
[White "Koch, Moritz"]
[Black "Gheng, Josef"]
[Result "1/2-1/2"]
[WhiteElo "2207"]
[BlackElo "2314"]
[PlyCount "49"]
[EventDate "2002.??.??"]

1. e4 c5 2. c3 d6 3. d4 Nf6 4. Bd3 g6 5. Nf3 Bg7 6. O-O O-O 7. h3 Nc6 8. d5 Nb8
9. c4 b6 10. Nc3 Bb7 11. Bg5 Nbd7 12. Qd2 a6 13. Bh6 Ne5 14. Nxe5 Bxh6 15. Qxh6
dxe5 16. Rae1 Qd6 17. f4 Nd7 18. f5 gxf5 19. Qg5+ Kh8 20. exf5 Rg8 21. Qh5 f6
22. Ne4 Qc7 23. Qh6 Rg7 24. g4 Rag8 25. Re2 1/2-1/2

[Event "19. Int. Boeblinger Open 2002"]
[Site "Boeblingen"]
[Date "2002.12.30"]
[Round "8"]
[White "Jurasin, Marin"]
[Black "Berger, Steve"]
[Result "0-1"]
[WhiteElo "2197"]
[BlackElo "2312"]
[PlyCount "62"]
[EventDate "2002.??.??"]

1. c4 g6 2. Nc3 Bg7 3. d4 Nf6 4. e4 d6 5. g3 O-O 6. Bg2 e5 7. d5 a5 8. Nge2 Nh5
9. O-O f5 10. exf5 gxf5 11. f4 Nd7 12. Be3 Qe7 13. Qd2 Ra6 14. Nb5 Nc5 15. Rad1
e4 16. Nec3 Nd3 17. g4 Nf6 18. gxf5 Bxf5 19. Nd4 Bg4 20. Rb1 c5 21. dxc6 bxc6
22. Nxe4 Nxb2 23. Nxf6+ Qxf6 24. Nxc6 Nxc4 25. Qd3 Nxe3 26. Qxe3 Kh8 27. Qd3
Rxc6 28. Bxc6 Bf5 29. Qg3 Bxb1 30. Rxb1 Qf5 31. Rc1 Bb2 0-1

[Event "19. Int. Boeblinger Open 2002"]
[Site "Boeblingen"]
[Date "2002.12.30"]
[Round "8"]
[White "Filipovic, Branko"]
[Black "Olzem, Lothar"]
[Result "1-0"]
[WhiteElo "2446"]
[BlackElo "2186"]
[PlyCount "45"]
[EventDate "2002.??.??"]

1. e4 e5 2. Nf3 Nf6 3. Nxe5 d6 4. Nf3 Nxe4 5. Nc3 Nf6 6. d4 Be7 7. Bd3 Bg4 8.
h3 Bh5 9. Ne2 Bg6 10. Ng3 Qd7 11. O-O O-O 12. d5 c6 13. dxc6 bxc6 14. Re1 a5
15. Nd4 Bxd3 16. Qxd3 Na6 17. Ngf5 Bd8 18. Bh6 Nb4 19. Qg3 g6 20. Bxf8 Kxf8 21.
Qxd6+ Qxd6 22. Nxd6 c5 23. a3 1-0

[Event "19. Int. Boeblinger Open 2002"]
[Site "Boeblingen"]
[Date "2002.12.30"]
[Round "8"]
[White "Joachim, Sven"]
[Black "Kapic, Ibrahim"]
[Result "1/2-1/2"]
[WhiteElo "2471"]
[BlackElo "2215"]
[PlyCount "90"]
[EventDate "2002.??.??"]

1. e4 e5 2. Nf3 Nc6 3. Bb5 Nf6 4. O-O Nxe4 5. d4 Be7 6. Qe2 d5 7. Nxe5 Bd7 8.
Bxc6 Bxc6 9. Nxc6 bxc6 10. Re1 Qd7 11. Nd2 Nxd2 12. Bxd2 Kf8 13. Qa6 f6 14. c4
Kf7 15. Rac1 Rhe8 16. cxd5 cxd5 17. Qb7 Rec8 18. Bf4 Rab8 19. Qxa7 Rxb2 20. h3
Rb4 21. Bxc7 Ra4 22. Qb6 Bb4 23. Rf1 Ba5 24. Qd6 Qxd6 25. Bxd6 Rxc1 26. Rxc1
Rxd4 27. a3 Rc4 28. Rd1 d4 29. Kf1 Ke6 30. Bf8 g6 31. Ke2 Kd5 32. Rb1 Rc2+ 33.
Kf3 Rc3+ 34. Ke2 Rc2+ 35. Kf3 Kc4 36. Rb7 h5 37. Bb4 Bxb4 38. Rxb4+ Kd3 39. Rb6
Rc5 40. g4 hxg4+ 41. hxg4 f5 42. Rxg6 fxg4+ 43. Kxg4 Kc2 44. Rd6 d3 45. f4 Ra5
1/2-1/2

[Event "19. Int. Boeblinger Open 2002"]
[Site "Boeblingen"]
[Date "2002.12.30"]
[Round "8"]
[White "Gasthofer, Viktor"]
[Black "Kunz, Konstantin"]
[Result "1/2-1/2"]
[WhiteElo "2338"]
[BlackElo "2236"]
[PlyCount "20"]
[EventDate "2002.??.??"]

1. c4 c5 2. Nf3 b6 3. g3 Bb7 4. Bg2 Nf6 5. O-O e6 6. Nc3 Be7 7. d4 cxd4 8. Qxd4
d6 9. Rd1 O-O 10. b3 Nbd7 1/2-1/2

[Event "19. Int. Boeblinger Open 2002"]
[Site "Boeblingen"]
[Date "2002.12.30"]
[Round "8"]
[White "Hesse, Peter"]
[Black "Huber, Martin"]
[Result "1/2-1/2"]
[WhiteElo "2304"]
[BlackElo "2220"]
[PlyCount "34"]
[EventDate "2002.??.??"]

1. d4 f5 2. Nf3 Nf6 3. e3 g6 4. b3 Bg7 5. Bb2 O-O 6. Be2 d6 7. O-O Qe8 8. Na3
a6 9. Nc4 Nc6 10. a3 e6 11. b4 Bd7 12. Qb1 Rd8 13. Qa2 Kh8 14. Qb3 b5 15. Ncd2
e5 16. dxe5 dxe5 17. c4 e4 1/2-1/2

[Event "19. Int. Boeblinger Open 2002"]
[Site "Boeblingen"]
[Date "2002.12.30"]
[Round "8"]
[White "Marasescu, Ioan"]
[Black "Schuster, Martin"]
[Result "1-0"]
[WhiteElo "2295"]
[BlackElo "2136"]
[PlyCount "81"]
[EventDate "2002.??.??"]

1. d4 d5 2. c4 e6 3. Nc3 Nf6 4. Bg5 Be7 5. Nf3 Nbd7 6. e3 O-O 7. Qc2 c6 8.
O-O-O a5 9. Kb1 dxc4 10. Bxc4 Nd5 11. h4 Nb4 12. Qe4 Nb6 13. Bd3 f5 14. Bxe7
Qxe7 15. Qe5 Nxd3 16. Rxd3 Nc4 17. Qf4 Qb4 18. Nd1 Ra6 19. Qc7 Qd6 20. Qxd6
Nxd6 21. g3 Ne4 22. Ne5 Rd8 23. Rg1 Bd7 24. f3 Nf6 25. Nc3 b5 26. Rc1 Be8 27.
Ne2 Nd5 28. Nf4 Nxf4 29. gxf4 Kf8 30. Rdc3 Rd6 31. Rc5 Ke7 32. a4 Rb6 33. axb5
cxb5 34. Rc7+ Bd7 35. Ra7 Ra6 36. Rb7 Rab6 37. Rbc7 g6 38. h5 a4 39. hxg6 hxg6
40. Rh1 Kd8 41. Ra7 1-0

[Event "19. Int. Boeblinger Open 2002"]
[Site "Boeblingen"]
[Date "2002.12.30"]
[Round "8"]
[White "Michalczak, Thomas"]
[Black "Schulte, Torsten"]
[Result "1-0"]
[WhiteElo "2274"]
[BlackElo "2147"]
[PlyCount "49"]
[EventDate "2002.??.??"]

1. e4 c5 2. c3 d5 3. exd5 Qxd5 4. d4 Nc6 5. Nf3 Bg4 6. dxc5 Qxc5 7. Be3 Qa5 8.
Qb3 Qc7 9. Na3 Bxf3 10. gxf3 Rd8 11. Nb5 Qd7 12. Be2 a6 13. Nd4 e5 14. Nxc6
Qxc6 15. Rg1 Ne7 16. Bc4 Qxf3 17. Rg3 Qf5 18. Rg5 Qf3 19. Rg3 Qh1+ 20. Ke2 Qxa1
21. Bxf7+ Kd7 22. Qxb7+ Kd6 23. Bc5+ Kxc5 24. b4+ Kd6 25. Rd3+ 1-0

[Event "19. Int. Boeblinger Open 2002"]
[Site "Boeblingen"]
[Date "2002.12.30"]
[Round "8"]
[White "Vujic, Branimir"]
[Black "Schoenberger, Peter"]
[Result "1-0"]
[WhiteElo "2244"]
[BlackElo "2146"]
[PlyCount "81"]
[EventDate "2002.??.??"]

1. d4 Nf6 2. Bf4 g6 3. Nc3 Bg7 4. e4 d6 5. Qd2 O-O 6. O-O-O a6 7. f3 Qe8 8. Bh6
e5 9. d5 Bd7 10. g4 b5 11. h4 b4 12. Nce2 a5 13. Ng3 Qe7 14. Nh3 Na6 15. Be2
Nc5 16. Rdg1 Rfb8 17. Bc4 a4 18. Qg5 Bxh6 19. Qxh6 Qf8 20. Qe3 Qg7 21. h5 Kf8
22. hxg6 hxg6 23. Nf2 Ng8 24. Rh2 Qf6 25. Ne2 Bb5 26. Bxb5 Rxb5 27. g5 Qd8 28.
Ng4 b3 29. cxb3 Nxb3+ 30. Kb1 Rab8 31. Nc3 Rc5 32. Nxa4 Rcb5 33. Nc3 R5b7 34.
axb3 Rxb3 35. Rgg2 c6 36. dxc6 Qa5 37. Rc2 Ra8 38. Kc1 Qa6 39. Nf6 Qa1+ 40. Kd2
Rxb2 41. Rh8 1-0

[Event "19. Int. Boeblinger Open 2002"]
[Site "Boeblingen"]
[Date "2002.12.30"]
[Round "8"]
[White "Schmied, Andreas"]
[Black "Fahnenschmidt, Gerhard"]
[Result "1/2-1/2"]
[WhiteElo "2128"]
[BlackElo "2221"]
[PlyCount "71"]
[EventDate "2002.??.??"]

1. Nf3 c5 2. g3 Nc6 3. d4 cxd4 4. Nxd4 g6 5. Bg2 Bg7 6. Nxc6 bxc6 7. c4 Rb8 8.
Qc2 Qb6 9. Nd2 Nh6 10. O-O Nf5 11. Nf3 O-O 12. e4 Nd4 13. Nxd4 Bxd4 14. Rb1 d6
15. Kh1 Be6 16. b3 a5 17. Bh6 Rfc8 18. f4 f6 19. f5 Bf7 20. h4 Be3 21. Bxe3
Qxe3 22. Rf3 Qc5 23. g4 d5 24. g5 dxc4 25. gxf6 exf6 26. fxg6 Bxg6 27. Rxf6 Qd4
28. Rbf1 cxb3 29. axb3 Rf8 30. Rxf8+ Rxf8 31. Rxf8+ Kxf8 32. Qxc6 Qa1+ 33. Kh2
Qe5+ 34. Kg1 Qd4+ 35. Kh2 Qe5+ 36. Kg1 1/2-1/2

[Event "19. Int. Boeblinger Open 2002"]
[Site "Boeblingen"]
[Date "2002.12.30"]
[Round "8"]
[White "Riedel, Holger"]
[Black "Baeuerle, Frank"]
[Result "1-0"]
[WhiteElo "2204"]
[BlackElo "2135"]
[PlyCount "58"]
[EventDate "2002.??.??"]

1. d4 Nf6 2. c4 g6 3. Nc3 Bg7 4. e4 O-O 5. f4 d6 6. Nf3 c5 7. d5 e6 8. dxe6
fxe6 9. Be2 Nc6 10. O-O a6 11. a3 Rb8 12. Kh1 Nh5 13. Ng5 h6 14. Bxh5 gxh5 15.
Nh3 b5 16. f5 Nd4 17. Qxh5 Qf6 18. g4 Bb7 19. Nd5 exd5 20. cxd5 Qe5 21. Nf2
Bxd5 22. Re1 Nc2 23. Bxh6 Nxe1 24. Rxe1 Bf7 25. Qh4 Rfe8 26. g5 Bd5 27. f6 Bh8
28. Re3 Qxb2 29. Qh5 Rb7 1-0